[Event "4NCL Online Division 4"]
[Site "online"]
[Date "2020.09.08"]
[Round "2.44"]
[White "Wood, Ryan"]
[Black "Bramson, Mike"]
[Result "1-0"]
[WhiteElo "1390"]
[BlackElo "1801"]
[PlyCount "57"]
[EventDate "2020.09.08"]
[WhiteTeam "Rugeley Rangers"]
[BlackTeam "Bradford DCA Knights B"]

1. d4 f5 2. Bf4 Nf6 3. e3 g6 4. c4 Bg7 5. Nc3 e6 6. Nf3 d6 7. Be2 Nbd7 8. Qb3
O-O 9. c5 Kh8 10. cxd6 cxd6 11. Bxd6 Ne4 12. Bxf8 Qxf8 13. Nxe4 fxe4 14. Nd2
Nf6 15. O-O Bd7 16. Bb5 Qd6 17. Bxd7 Qxd7 18. Rac1 h5 19. Qc2 Qd5 20. Qc4 Qf5
21. Qc5 Nd5 22. Qc2 Nf6 23. f3 Bh6 24. fxe4 Bxe3+ 25. Kh1 Qg5 26. Nf3 Qg4 27.
Rce1 Bh6 28. Ne5 Qh4 29. Nxg6+ 1-0

[Event "4NCL Online Division 4"]
[Site "online"]
[Date "2020.09.08"]
[Round "2.51"]
[White "Gemmell, John"]
[Black "Herman, Thomas"]
[Result "0-1"]
[WhiteElo "1922"]
[BlackElo "1847"]
[PlyCount "84"]
[EventDate "2020.09.08"]
[WhiteTeam "St Albans 2"]
[BlackTeam "Dorking Casuals"]

1. d4 Nf6 2. Bf4 d5 3. e3 c5 4. c3 Bf5 5. Nf3 Nc6 6. Nbd2 e6 7. Bb5 Bd6 8. Ne5
Bxe5 9. Bxe5 O-O 10. Bxc6 bxc6 11. dxc5 Nd7 12. Bd6 Re8 13. Nf3 e5 14. O-O Bg4
15. h3 Bh5 16. Qa4 Bxf3 17. gxf3 Qc8 18. Kh2 e4 19. f4 Re6 20. Rg1 Nb6 21. Qd4
g6 22. b3 f5 23. Rg5 h6 24. Rg3 Kh7 25. Rag1 Qd7 26. Be5 Nc8 27. c4 Ne7 28. Rd1
Rg8 29. Bf6 Rd8 30. Rgg1 Qc7 31. Rd2 Rd7 32. Bxe7 Rexe7 33. Qf6 Rg7 34. Rgd1
dxc4 35. bxc4 a5 36. Rd6 Rdf7 37. Qb2 g5 38. Qb6 gxf4 39. exf4 Qe7 40. Rxc6 Qh4
41. Qb2 Qxf4+ 42. Kh1 Qf3+ 0-1

[Event "4NCL Online Division 4"]
[Site "online"]
[Date "2020.09.08"]
[Round "2.52"]
[White "Collins, Anthony S"]
[Black "Sommerbauer-Cornell, Ben"]
[Result "0-1"]
[WhiteElo "1716"]
[BlackElo "1915"]
[PlyCount "50"]
[EventDate "2020.09.08"]
[WhiteTeam "Dorking Casuals"]
[BlackTeam "St Albans 2"]

1. e4 Nc6 2. d4 d5 3. e5 Bf5 4. c3 e6 5. h4 h5 6. Nd2 f6 7. f4 Qd7 8. Ne2 Bg4
9. Nb3 Nh6 10. Be3 Nf5 11. Bf2 b5 12. Qd3 Rb8 13. Bg3 b4 14. Rc1 a5 15. cxb4
Nxb4 16. Qc3 Nxa2 17. Qd3 Nxc1 18. Nexc1 fxe5 19. fxe5 Bb4+ 20. Kf2 Nxg3 21.
Kxg3 Be1+ 22. Kh2 Qf7 23. g3 a4 24. Qe3 Bf2 25. Qc3 axb3 0-1

[Event "4NCL Online Division 4"]
[Site "online"]
[Date "2020.09.08"]
[Round "2.53"]
[White "Pines, Chris"]
[Black "Lawrence, Peter A"]
[Result "0-1"]
[WhiteElo "1555"]
[BlackElo "1682"]
[PlyCount "104"]
[EventDate "2020.09.08"]
[WhiteTeam "St Albans 2"]
[BlackTeam "Dorking Casuals"]

1. b4 d5 2. Bb2 Nf6 3. Nf3 e6 4. b5 c6 5. e3 Bd7 6. bxc6 Nxc6 7. Ne5 Nxe5 8.
Bxe5 Be7 9. Be2 O-O 10. O-O Rc8 11. Nc3 a6 12. Rb1 b5 13. Bd3 h6 14. Ne2 Ng4
15. Bc3 e5 16. h3 Nf6 17. Bxe5 Be6 18. Nf4 Bd6 19. Nxe6 fxe6 20. Bxd6 Qxd6 21.
f4 Nd7 22. Qg4 Nc5 23. Be2 Ne4 24. Rfd1 Qe7 25. Bd3 Nc5 26. Bf1 Qf6 27. d4 Ne4
28. Bd3 Nc3 29. Rb3 Nxd1 30. Qxd1 Rc6 31. Qe1 g5 32. fxg5 Qxg5 33. h4 Qf6 34.
Qg3+ Kh8 35. Rb1 Rg8 36. Qf2 Qxf2+ 37. Kxf2 Rc7 38. Be2 Rxc2 39. a3 Rf8+ 40.
Ke1 Rc3 41. Ra1 Rxe3 42. a4 b4 43. Kd2 Re4 44. Bxa6 Rxd4+ 45. Ke3 Re4+ 46. Kd3
Rb8 47. Rf1 b3 48. Bb5 b2 49. Rb1 Rxh4 50. Rxb2 Rxa4 51. Bxa4 Rxb2 52. Kd4 Rb4+
0-1

[Event "4NCL Online Division 4"]
[Site "online"]
[Date "2020.09.08"]
[Round "2.54"]
[White "Davies, Will"]
[Black "Price, Liam"]
[Result "1-0"]
[WhiteElo "1547"]
[BlackElo "1532"]
[PlyCount "117"]
[EventDate "2020.09.08"]
[WhiteTeam "Dorking Casuals"]
[BlackTeam "St Albans 2"]

1. e4 c5 2. Nf3 Nc6 3. d4 cxd4 4. Nxd4 e5 5. Nb5 d6 6. N1c3 a6 7. Na3 b5 8. Nd5
Nf6 9. Bg5 Be7 10. Bxf6 Bxf6 11. c3 O-O 12. Bd3 Bg5 13. O-O Ne7 14. Bc2 f5 15.
Bb3 Kh8 16. f3 Bb7 17. Nc2 fxe4 18. fxe4 Rxf1+ 19. Kxf1 Nxd5 20. Bxd5 Bxd5 21.
Qxd5 Qf6+ 22. Kg1 Rf8 23. Qd3 Qf2+ 24. Kh1 Rf6 25. Rg1 Qc5 26. Rf1 h6 27. Rxf6
Bxf6 28. Ne3 Bd8 29. Nd5 Qf2 30. Qb1 Bb6 31. h3 Be3 32. Nc7 Qg3 33. Nd5 Bf4 34.
Qg1 Qd3 35. Qe1 Qd2 36. Qxd2 Bxd2 37. Nc7 Bc1 38. b3 Bb2 39. Nxa6 Bxc3 40. a4
bxa4 41. bxa4 Kg8 42. Kg1 Kf7 43. Kf1 Ke7 44. Nc7 Kd7 45. Nd5 Ba5 46. Ke2 Bd8
47. Kd3 Kc6 48. Kc4 h5 49. g4 hxg4 50. hxg4 Ba5 51. Ne7+ Kd7 52. Nf5 g6 53. Nh4
g5 54. Nf5 Kc6 55. Ne7+ Kd7 56. Nf5 Kc6 57. Nh6 Kd7 58. Kd5 Ke7 59. Nf5+ 1-0

[Event "4NCL Online Division 4"]
[Site "online"]
[Date "2020.09.08"]
[Round "2.61"]
[White "Rizvi, Nasir"]
[Black "Arora, Tashika"]
[Result "0-1"]
[WhiteElo "1989"]
[BlackElo "1855"]
[PlyCount "106"]
[EventDate "2020.09.08"]
[WhiteTeam "4 Gems"]
[BlackTeam "Oxford 3"]

1. c4 Nf6 2. g3 d5 3. cxd5 Nxd5 4. Bg2 g6 5. Nc3 Nxc3 6. bxc3 Bg7 7. Nf3 O-O 8.
Rb1 c6 9. Qa4 Nd7 10. O-O Nb6 11. Qc2 Bf5 12. d3 Qd7 13. a4 e5 14. Nd2 Rad8 15.
a5 Nc8 16. Qb3 Nd6 17. Ba3 Be6 18. Qb2 Rb8 19. Ne4 Nxe4 20. Bxf8 Bxf8 21. Bxe4
Qc7 22. a6 b6 23. Bg2 Rd8 24. d4 exd4 25. cxd4 Bg7 26. e3 c5 27. Qc2 c4 28.
Rfd1 Bc8 29. Rdc1 Be6 30. Rb5 Qd7 31. Rcb1 Rc8 32. Bb7 Rc7 33. Rxb6 c3 34. R6b5
Bc4 35. R5b4 Bf8 36. Rxc4 Rxc4 37. d5 Bg7 38. Bc6 Qc8 39. Rb7 Qf5 40. Qc1 Qd3
41. e4 Qd2 42. Rb8+ Bf8 43. Qa3 Qe1+ 44. Kg2 Qxe4+ 45. Kg1 Qe1+ 46. Kg2 Qe4+
47. f3 Qe2+ 48. Kg1 Qe3+ 49. Kg2 Rc5 50. Re8 Qd4 51. Qc1 c2 52. Ba4 Qxa4 53.
Qh6 Qxe8 0-1

[Event "4NCL Online Division 4"]
[Site "online"]
[Date "2020.09.08"]
[Round "2.62"]
[White "Bush, Ian"]
[Black "Damodaran, Patrick"]
[Result "0-1"]
[WhiteElo "1862"]
[BlackElo "1498"]
[PlyCount "44"]
[EventDate "2020.09.08"]
[WhiteTeam "Oxford 3"]
[BlackTeam "4 Gems"]

1. e4 g6 2. d4 Bg7 3. Nc3 d6 4. f4 Nf6 5. Nf3 Bg4 6. h3 Bxf3 7. Qxf3 Nbd7 8. e5
dxe5 9. fxe5 Ng8 10. Bc4 e6 11. O-O Qe7 12. Bg5 f6 13. exf6 Bxf6 14. Bxf6 Ngxf6
15. Rae1 O-O-O 16. Bxe6 Rhf8 17. Qe3 Kb8 18. Qg5 Qb4 19. d5 Qxb2 20. Qd2 Nb6
21. Rd1 Nc4 22. Rb1 Nxd2 0-1

[Event "4NCL Online Division 4"]
[Site "online"]
[Date "2020.09.08"]
[Round "2.63"]
[White "Whelan, Joseph"]
[Black "Cole, Graham"]
[Result "0-1"]
[WhiteElo "1358"]
[BlackElo "1818"]
[PlyCount "136"]
[EventDate "2020.09.08"]
[WhiteTeam "4 Gems"]
[BlackTeam "Oxford 3"]

1. e4 c5 2. Nf3 d6 3. d4 cxd4 4. Nxd4 Nf6 5. Nc3 g6 6. Bc4 Bg7 7. h3 O-O 8. Nf3
Nc6 9. Bf4 a6 10. a3 b5 11. Bd3 Bb7 12. O-O Rc8 13. Rc1 Qd7 14. Qe2 Rfd8 15.
Rfd1 Qe8 16. Be3 Nd7 17. Nd5 Bxb2 18. Rb1 Bxa3 19. c4 Nce5 20. cxb5 Nxd3 21.
Qxd3 Bc5 22. bxa6 Bxd5 23. exd5 Bxe3 24. Qxe3 Ra8 25. Nd4 Nf6 26. Nc6 Nxd5 27.
Qc1 Rdc8 28. Rxd5 Qxc6 29. Qxc6 Rxc6 30. Rb7 e6 31. a7 Rxa7 32. Rxa7 exd5 33.
Ra5 Kf8 34. Rxd5 Ke7 35. f3 Ke6 36. Rd2 d5 37. Kf2 Rc3 38. Kg3 Re3 39. Kf4 Re5
40. Kg3 Kd6 41. Kf4 Re7 42. Rf2 d4 43. Rd2 Kd5 44. Rc2 d3 45. Rc8 Kd4 46. Rd8+
Kc3 47. Rc8+ Kd2 48. Ra8 Re2 49. Ra2+ Ke1 50. Ra1+ Kf2 51. Rd1 d2 52. Kg4 Ke3
53. Kg3 Re1 54. Rxd2 Kxd2 55. Kg4 f6 56. Kg3 h5 57. Kh4 Re5 58. g3 Ra5 59. f4
Ke3 60. f5 Rxf5 61. g4 hxg4 62. Kxg4 Rh5 63. Kg3 f5 64. h4 f4+ 65. Kh3 Kf3 66.
Kh2 Rxh4+ 67. Kg1 g5 68. Kf1 Rh1# 0-1

[Event "4NCL Online Division 4"]
[Site "online"]
[Date "2020.09.08"]
[Round "2.64"]
[White "Evans, Christopher J"]
[Black "Gogia, Abeer"]
[Result "1-0"]
[WhiteElo "1847"]
[BlackElo "1324"]
[PlyCount "73"]
[EventDate "2020.09.08"]
[WhiteTeam "Oxford 3"]
[BlackTeam "4 Gems"]

1. e4 c5 2. Nf3 d6 3. d4 cxd4 4. Nxd4 Nf6 5. Nc3 a6 6. Bg5 e6 7. f4 Be7 8. Qf3
Nc6 9. Nb3 O-O 10. O-O-O Nd7 11. Bxe7 Qxe7 12. Qd3 Nc5 13. Qxd6 Nxb3+ 14. axb3
Qf6 15. Qd2 Rd8 16. Bd3 Nb4 17. e5 Nxd3+ 18. cxd3 Qe7 19. Ne4 Bd7 20. Nd6 Bc6
21. Rhg1 Qc7 22. Kb1 Qb6 23. Qc3 Bb5 24. d4 Bc6 25. g4 Bd5 26. b4 Qc6 27. Qxc6
Bxc6 28. f5 exf5 29. gxf5 h6 30. Rg3 Kh7 31. Nxf7 Be4+ 32. Ka1 Rf8 33. Nd6 Bxf5
34. Rdg1 g5 35. h4 Be6 36. hxg5 hxg5 37. Rxg5 1-0

[Event "4NCL Online Division 4"]
[Site "online"]
[Date "2020.09.08"]
[Round "2.71"]
[White "Dunlop, Anthony"]
[Black "Hann, R Mark"]
[Result "0-1"]
[WhiteElo "1784"]
[BlackElo "2035"]
[PlyCount "118"]
[EventDate "2020.09.08"]
[WhiteTeam "East Kilbride Strollers"]
[BlackTeam "Bolton and Worsley"]

1. f4 d5 2. Nf3 g6 3. e3 Bg7 4. d4 Nf6 5. c3 O-O 6. Bd3 c5 7. Nbd2 Bf5 8. Bxf5
gxf5 9. O-O Nbd7 10. Ng5 h6 11. Ngf3 Qc7 12. Ne5 c4 13. Kh1 b5 14. g4 fxg4 15.
Nxg4 Nxg4 16. Qxg4 Nf6 17. Qf3 a5 18. Rg1 Kh8 19. e4 dxe4 20. Nxe4 Qc6 21. Re1
e6 22. Kg2 Rg8 23. Kf2 Nxe4+ 24. Qxe4 Qxe4 25. Rxe4 Bf6 26. Bd2 Rg4 27. Rg1
Rxg1 28. Kxg1 Kg7 29. Re2 Kg6 30. Rg2+ Kf5 31. Kf2 Ke4 32. Ke2 b4 33. Rg3 bxc3
34. bxc3 Rb8 35. Re3+ Kf5 36. Rh3 Kg6 37. f5+ Kxf5 38. Rxh6 Rh8 39. Kf3 Rxh6
40. Bxh6 e5 41. Be3 a4 42. h3 exd4 43. cxd4 c3 44. a3 c2 45. Ke2 Bxd4 46. Bc1
Ke4 47. h4 f5 48. h5 f4 49. h6 f3+ 50. Kf1 Kd3 51. h7 Kc4 52. Ke1 Kb3 53. Kd2
f2 54. Ke2 Ka2 55. Be3 f1=Q+ 56. Kxf1 Bxe3 57. h8=Q c1=Q+ 58. Ke2 Qb2+ 59. Kf3
Qxh8 0-1

[Event "4NCL Online Division 4"]
[Site "online"]
[Date "2020.09.08"]
[Round "2.72"]
[White "Tyton, Adam"]
[Black "Madhavan, Sanjith"]
[Result "1-0"]
[WhiteElo "1915"]
[BlackElo "1498"]
[PlyCount "79"]
[EventDate "2020.09.08"]
[WhiteTeam "Bolton and Worsley"]
[BlackTeam "East Kilbride Strollers"]

1. e4 c6 2. Nf3 d5 3. Nc3 Bg4 4. h3 Bxf3 5. Qxf3 e6 6. d3 Nf6 7. Be2 Nbd7 8.
Qg3 Qb8 9. Bf4 e5 10. Bd2 d4 11. Nd1 Qd6 12. O-O O-O-O 13. f4 Qe6 14. b3 g6 15.
Nb2 Rg8 16. Nc4 Nh5 17. Bxh5 b5 18. Nxe5 Bd6 19. Be2 Nxe5 20. fxe5 Bxe5 21. Bf4
Bxf4 22. Qxf4 f5 23. Bf3 Rgf8 24. Rae1 Qg8 25. exf5 gxf5 26. Re5 Qg6 27. Rfe1
Rf6 28. Re7 Rd7 29. Rxd7 Kxd7 30. Qxd4+ Kc8 31. Qxa7 Re6 32. Qa8+ Kc7 33. Rxe6
Qxe6 34. Qxc6+ Qxc6 35. Bxc6 Kxc6 36. Kf2 Kc5 37. c3 b4 38. cxb4+ Kxb4 39. Kf3
Kc3 40. Kf4 1-0

[Event "4NCL Online Division 4"]
[Site "online"]
[Date "2020.09.08"]
[Round "2.73"]
[White "Gray, Stewart R"]
[Black "Doherty, Paul"]
[Result "1/2-1/2"]
[WhiteElo "1449"]
[BlackElo "1738"]
[PlyCount "65"]
[EventDate "2020.09.08"]
[WhiteTeam "East Kilbride Strollers"]
[BlackTeam "Bolton and Worsley"]

1. e4 d6 2. d4 Nf6 3. Nc3 c6 4. h3 Qa5 5. Bd3 Nbd7 6. Nf3 e5 7. Be3 Be7 8. O-O
O-O 9. a3 Qc7 10. Rc1 exd4 11. Bxd4 Ne5 12. Nxe5 dxe5 13. Be3 Bd6 14. Qf3 Be6
15. Bg5 Be7 16. Be3 h6 17. Be2 Kh7 18. Rfd1 Ng8 19. Bd3 g6 20. Qg3 f5 21. exf5
Bxf5 22. Ne4 Nf6 23. Nc5 Nh5 24. Qh2 Bc8 25. Be4 Nf6 26. Bd3 Nd5 27. Qg3 Rf6
28. Ne4 Re6 29. Bd2 Nf4 30. Bf1 Nd5 31. Bd3 Nf4 32. Bf1 Nd5 33. Bd3 1/2-1/2

[Event "4NCL Online Division 4"]
[Site "online"]
[Date "2020.09.08"]
[Round "2.74"]
[White "Kumar, Jamie"]
[Black "Tandon, Ashley"]
[Result "1-0"]
[WhiteElo "1600"]
[BlackElo "911"]
[PlyCount "119"]
[EventDate "2020.09.08"]
[WhiteTeam "Bolton and Worsley"]
[BlackTeam "East Kilbride Strollers"]

1. d4 Nf6 2. c4 c5 3. d5 e6 4. Nc3 exd5 5. cxd5 d6 6. e4 g6 7. f4 Bg7 8. Bb5+
Nbd7 9. e5 Qe7 10. Qe2 dxe5 11. fxe5 Ng8 12. e6 a6 13. exd7+ Bxd7 14. Bxd7+
Kxd7 15. Qxe7+ Nxe7 16. Bd2 Bxc3 17. Bxc3 Rhe8 18. O-O-O b6 19. Nf3 Nf5 20.
Rhe1 Ne3 21. Rd2 Nc4 22. Rde2 b5 23. Ne5+ Nxe5 24. Rxe5 Rxe5 25. Rxe5 Re8 26.
Rxe8 Kxe8 27. Kd2 Kd7 28. Be5 Ke7 29. Ke3 f6 30. Bc7 Kd7 31. d6 f5 32. Kf4 h6
33. Ke5 c4 34. h4 b4 35. Ba5 b3 36. axb3 cxb3 37. g3 g5 38. hxg5 hxg5 39. Kxf5
Kxd6 40. Kxg5 Ke7 41. Kh6 Kf8 42. Kh7 Kf7 43. g4 Kf6 44. Bd2 a5 45. g5+ Ke5 46.
g6 a4 47. Bb4 Kd4 48. Ba3 Kd3 49. g7 Kc2 50. g8=Q Kb1 51. Qg2 Ka2 52. Kg6 Kb1
53. Kf5 Ka2 54. Ke4 Ka1 55. Kd3 Ka2 56. Kc3 Kb1 57. Kd2 Ka1 58. Kc1 Ka2 59. Qg6
Ka1 60. Qb1# 1-0

[Event "4NCL Online Division 4"]
[Site "online"]
[Date "2020.09.08"]
[Round "2.81"]
[White "Fairclough, William"]
[Black "Ball, Matthew P"]
[Result "0-1"]
[WhiteElo "1465"]
[BlackElo "1690"]
[PlyCount "102"]
[EventDate "2020.09.08"]
[WhiteTeam "Manchester Juniors B"]
[BlackTeam "Doughnuts of Doom"]

1. e4 d6 2. d4 Nf6 3. Nc3 Nbd7 4. Bf4 e5 5. dxe5 dxe5 6. Bg5 c6 7. Nf3 Qc7 8.
Bc4 b5 9. Bd3 Be7 10. O-O O-O 11. Re1 Nc5 12. Bf1 Bg4 13. Bxf6 Bxf6 14. Be2 b4
15. Nb1 Nxe4 16. Nfd2 Bxe2 17. Qxe2 Nxd2 18. Nxd2 Rfe8 19. f4 e4 20. Qc4 Qb6+
21. Kh1 Bxb2 22. Rad1 Bc3 23. Rxe4 Rad8 24. Rxe8+ Rxe8 25. Ne4 Qb5 26. Qxb5
cxb5 27. Nd6 Rd8 28. Rd3 a6 29. Ne4 Rxd3 30. cxd3 Kf8 31. Kg1 Bd4+ 32. Kf1 Ke7
33. f5 g6 34. fxg6 fxg6 35. Ng5 h6 36. Nf3 Bc3 37. Nh4 Kf6 38. Ke2 a5 39. Kd1
g5 40. Nf3 Kf5 41. h4 g4 42. Ng1 Kf4 43. Ne2+ Ke3 44. Nc1 Kf2 45. Nb3 Kxg2 46.
Nxa5 Kf2 47. Nb3 g3 48. d4 g2 49. d5 g1=Q+ 50. Kc2 Qg6+ 51. Kc1 Qd3 0-1

[Event "4NCL Online Division 4"]
[Site "online"]
[Date "2020.09.08"]
[Round "2.82"]
[White "Sainiuc, Stefan"]
[Black "Correa, Rebecca"]
[Result "1-0"]
[WhiteElo "1600"]
[BlackElo "1435"]
[PlyCount "81"]
[EventDate "2020.09.08"]
[WhiteTeam "Doughnuts of Doom"]
[BlackTeam "Manchester Juniors B"]

1. e4 c5 2. Nf3 d6 3. d4 cxd4 4. Nxd4 Nf6 5. Nc3 a6 6. Bd3 e5 7. Nb3 Be6 8. O-O
Be7 9. f4 O-O 10. f5 Bd7 11. Nd5 Nxd5 12. exd5 b5 13. Qg4 Bf6 14. Nd2 Re8 15.
Ne4 Bc8 16. Nxf6+ Qxf6 17. Bg5 Qxg5 18. Qxg5 f6 19. Qg3 Bb7 20. c4 bxc4 21.
Bxc4 Nd7 22. Qe3 Rac8 23. b3 Rc5 24. Rac1 Rec8 25. g4 Nb6 26. Rfd1 a5 27. h4
Nxd5 28. Bxd5+ Bxd5 29. Rxc5 Rxc5 30. Rc1 Rb5 31. Rc8+ Kf7 32. Qa7+ Rb7 33.
Rc7+ Rxc7 34. Qxc7+ Ke8 35. Qxd6 Bf3 36. g5 fxg5 37. Qxe5+ Kf7 38. Qe6+ Kf8 39.
hxg5 Bh5 40. f6 gxf6 41. gxf6 1-0

[Event "4NCL Online Division 4"]
[Site "online"]
[Date "2020.09.08"]
[Round "2.83"]
[White "Eccleston, Bryony"]
[Black "Ball, Katie C"]
[Result "1-0"]
[WhiteElo "1405"]
[BlackElo "1532"]
[PlyCount "131"]
[EventDate "2020.09.08"]
[WhiteTeam "Manchester Juniors B"]
[BlackTeam "Doughnuts of Doom"]

1. d4 e6 2. Bf4 f5 3. e3 Nf6 4. Nf3 b6 5. Bd3 Bb7 6. Nbd2 Bd6 7. Bxd6 cxd6 8.
Nc4 Qe7 9. c3 O-O 10. O-O Ne4 11. Nfd2 d5 12. Ne5 d6 13. Nef3 Nd7 14. Ne1 e5
15. f3 Ng5 16. Rc1 f4 17. exf4 Rxf4 18. Bb1 e4 19. Qe2 Re8 20. Nc2 Nb8 21. a3
Ba6 22. c4 dxc4 23. Nb4 c3 24. Nxa6 cxd2 25. Ba2+ Kh8 26. Rcd1 e3 27. Nb4 Rxd4
28. Nd5 Qb7 29. Nxe3 Qe7 30. f4 Nh3+ 31. gxh3 Qxe3+ 32. Qxe3 Rxe3 33. Rf2 Re1+
34. Rf1 Re2 35. Rf2 Re1+ 36. Rf1 Rxd1 37. Rxd1 Nd7 38. Kf2 Rxf4+ 39. Ke3 Rf6
40. Rxd2 h6 41. Ke4 Kh7 42. Kd5 Ne5 43. Rc2 Kg6 44. Rc7 Kg5 45. Rxg7+ Kh4 46.
Rxa7 Kxh3 47. Ra6 Nd7 48. Ra7 Nc5 49. b4 Nd3 50. Ra6 Kxh2 51. Rxb6 h5 52. Rxd6
Rxd6+ 53. Kxd6 h4 54. Be6 Nf2 55. b5 Kg3 56. b6 Ng4 57. b7 h3 58. b8=Q h2 59.
Bd5 Ne3 60. Qb3 Kf2 61. Qxe3+ Kxe3 62. a4 Kd4 63. a5 Kc3 64. a6 Kb4 65. a7 Kb5
66. a8=Q 1-0

[Event "4NCL Online Division 4"]
[Site "online"]
[Date "2020.09.08"]
[Round "2.84"]
[White "Ball, Charlie"]
[Black "Correa, Edward"]
[Result "1-0"]
[WhiteElo "1600"]
[BlackElo "1262"]
[PlyCount "25"]
[EventDate "2020.09.08"]
[WhiteTeam "Doughnuts of Doom"]
[BlackTeam "Manchester Juniors B"]

1. e4 c5 2. d4 cxd4 3. c3 dxc3 4. Nxc3 Nc6 5. Nf3 e5 6. Bb5 a6 7. Bxc6 bxc6 8.
Nxe5 Be7 9. O-O Qc7 10. Bf4 f6 11. Qh5+ g6 12. Nxg6 h6 13. Bxc7 1-0

[Event "4NCL Online Division 4"]
[Site "online"]
[Date "2020.09.08"]
[Round "2.91"]
[White "Borman, Philip"]
[Black "Raghaven, Rajeev P"]
[Result "1-0"]
[WhiteElo "2190"]
[BlackElo "1870"]
[PlyCount "57"]
[EventDate "2020.09.08"]
[WhiteTeam "Hertford 1"]
[BlackTeam "Shropshire 3"]

1. d4 Nf6 2. Bf4 g6 3. e3 Bg7 4. Nf3 d6 5. h3 c5 6. c3 Nbd7 7. Be2 a6 8. a4 b6
9. O-O Bb7 10. Nbd2 O-O 11. Bh2 Rc8 12. Qb3 Qc7 13. Rfe1 Qc6 14. Bf1 Ba8 15.
Bxa6 Rc7 16. e4 cxd4 17. cxd4 Qc2 18. Qe3 Re8 19. Bb5 Rec8 20. Qa3 Bxe4 21.
Nxe4 Nxe4 22. Re2 Nd2 23. Rxd2 Qe4 24. Re2 Rc1+ 25. Re1 Rxa1 26. Qxa1 Qf5 27.
Rxe7 Nf6 28. Bxd6 Nd5 29. Bd7 1-0

[Event "4NCL Online Division 4"]
[Site "online"]
[Date "2020.09.08"]
[Round "2.92"]
[White "Smith, Mark"]
[Black "Cheal, Barry A"]
[Result "1/2-1/2"]
[WhiteElo "1802"]
[BlackElo "2193"]
[PlyCount "79"]
[EventDate "2020.09.08"]
[WhiteTeam "Shropshire 3"]
[BlackTeam "Hertford 1"]

1. e4 c5 2. Nc3 Nc6 3. g3 d6 4. Bg2 g6 5. d3 Bg7 6. Be3 a6 7. f4 h5 8. h3 Bd7
9. Nce2 e6 10. c3 Nge7 11. Nf3 Qc7 12. Rc1 O-O 13. d4 c4 14. O-O d5 15. e5 Nf5
16. Bf2 b5 17. g4 hxg4 18. hxg4 Nh6 19. Nh2 Rfb8 20. a3 a5 21. Ng3 Ne7 22. Bh3
b4 23. axb4 axb4 24. g5 Nhf5 25. Nxf5 Nxf5 26. Bxf5 exf5 27. Qd2 bxc3 28. bxc3
Ra3 29. Be1 Qa5 30. Qg2 Ra2 31. Rf2 Rxf2 32. Qxf2 Qa3 33. Bd2 Bf8 34. Qe1 Qb3
35. Nf1 Be6 36. Ne3 Ba3 37. Ra1 Bf8 38. Rc1 Ba3 39. Ra1 Bf8 40. Rc1 1/2-1/2

[Event "4NCL Online Division 4"]
[Site "online"]
[Date "2020.09.08"]
[Round "2.93"]
[White "Capes, Ian"]
[Black "Maydew, Simon"]
[Result "1/2-1/2"]
[WhiteElo "1922"]
[BlackElo "1765"]
[PlyCount "89"]
[EventDate "2020.09.08"]
[WhiteTeam "Hertford 1"]
[BlackTeam "Shropshire 3"]

1. d4 Nf6 2. Bf4 d5 3. e3 c5 4. c3 Qb6 5. Qb3 Nc6 6. Nd2 Bf5 7. dxc5 Qxb3 8.
axb3 e5 9. Bg3 Bxc5 10. Ngf3 Nd7 11. b4 Bd6 12. Bb5 O-O 13. Bxc6 bxc6 14. Nd4
exd4 15. Bxd6 dxe3 16. fxe3 Rfe8 17. Kf2 Re6 18. Bf4 h6 19. Nb3 Ne5 20. Bxe5
Rxe5 21. Nd4 Bd3 22. Rhd1 Bb5 23. Nxb5 cxb5 24. Rd3 a6 25. Rd4 Kh7 26. Rad1
Rae8 27. R1d3 Rd8 28. e4 dxe4 29. Rxd8 exd3 30. Rxd3 Rf5+ 31. Rf3 Kg6 32. b3
Rd5 33. Ke2 Re5+ 34. Re3 Rg5 35. g3 Rh5 36. h4 Rd5 37. c4 bxc4 38. bxc4 Rd4 39.
Rc3 Kf5 40. Kf3 Ke6 41. Ke3 Ke5 42. c5 Rxb4 43. c6 Rb8 44. c7 Rc8 45. Rc6
1/2-1/2

[Event "4NCL Online Division 4"]
[Site "online"]
[Date "2020.09.08"]
[Round "2.94"]
[White "Raby, Eugene BD"]
[Black "Buswell, A Mark"]
[Result "1-0"]
[WhiteElo "1705"]
[BlackElo "1787"]
[PlyCount "47"]
[EventDate "2020.09.08"]
[WhiteTeam "Shropshire 3"]
[BlackTeam "Hertford 1"]

1. c4 Nf6 2. Nc3 g6 3. Nf3 Bg7 4. g3 d6 5. d4 O-O 6. Bg2 Nbd7 7. O-O c5 8. b3
cxd4 9. Nxd4 a6 10. Ba3 Rb8 11. Qd2 Ng4 12. Rad1 Qa5 13. Bb2 Qh5 14. h3 Nge5
15. f4 Nc6 16. Nd5 Re8 17. Nc7 Rd8 18. b4 Nf6 19. g4 Qh4 20. Nxa6 Bxg4 21. Nxc6
Bxh3 22. Bxf6 Bxg2 23. Nxe7+ Kh8 24. Bxh4 1-0

[Event "4NCL Online Division 4"]
[Site "online"]
[Date "2020.09.08"]
[Round "2.101"]
[White "Dasgupta, Avyukt"]
[Black "Parry, Samuel"]
[Result "0-1"]
[WhiteElo "1757"]
[BlackElo "1982"]
[PlyCount "182"]
[EventDate "2020.09.08"]
[WhiteTeam "Watford Juniors A"]
[BlackTeam "Manchester Juniors A"]

1. d4 Nf6 2. Bf4 g6 3. e3 Bg7 4. Nf3 O-O 5. Bd3 d6 6. h4 h5 7. c4 Nfd7 8. Bg5
Qe8 9. Nc3 c6 10. O-O e5 11. dxe5 dxe5 12. e4 Nc5 13. Qc2 Bg4 14. Nh2 Be6 15.
b4 Nxd3 16. Qxd3 f6 17. Be3 Qf7 18. Rfd1 Bxc4 19. Qd2 Na6 20. Rab1 Nc7 21. Bc5
Rfe8 22. Qd7 Be6 23. Qd2 Kh7 24. Rb2 Bh6 25. Be3 Bf8 26. Bc5 Bxc5 27. bxc5 Red8
28. Qxd8 Rxd8 29. Rxd8 Na6 30. Na4 Qc7 31. Rbd2 Qa5 32. R2d6 Nc7 33. Nb2 Qxc5
34. Nd3 Qc4 35. Nf3 Nb5 36. Ndxe5 Qxa2 37. Rd2 Qb1+ 38. Rd1 Qxe4 39. Nd7 Qf5
40. Nf8+ Kh6 41. Nxe6 Qxe6 42. R1d7 g5 43. hxg5+ fxg5 44. Rh8+ Kg6 45. Rdh7 Qa2
46. Rh6+ Kf5 47. Rf8+ Ke4 48. Re6+ Qxe6 49. Nxg5+ Ke5 50. Nxe6 Kxe6 51. Rb8 b6
52. Rb7 c5 53. Kf1 c4 54. Ke1 c3 55. Kd1 Kd5 56. Kc2 Kc4 57. f4 Nd4+ 58. Kc1
Kb3 59. Rc7 Ne2+ 60. Kd1 Nxf4 61. Rxa7 Kb2 62. Rc7 Nxg2 63. Rc6 Ne3+ 64. Ke2
Nd5 65. Kd1 Nb4 66. Rc8 c2+ 67. Kd2 h4 68. Rc4 Kb3 69. Rxh4 Na2 70. Rh3+ Kb2
71. Rh1 c1=Q+ 72. Rxc1 Nxc1 73. Kd1 b5 74. Kd2 b4 75. Kd1 b3 76. Kd2 Na2 77.
Kd1 Kc3 78. Ke2 b2 79. Kf2 b1=Q 80. Ke3 Qd3+ 81. Kf4 Qe2 82. Kf5 Qe3 83. Kf6
Qe4 84. Kf7 Qe5 85. Kg6 Kd4 86. Kf7 Ke4 87. Kg6 Qf5+ 88. Kg7 Ke5 89. Kh6 Qg4
90. Kh7 Kf6 91. Kh6 Qg6# 0-1

[Event "4NCL Online Division 4"]
[Site "online"]
[Date "2020.09.08"]
[Round "2.102"]
[White "Gardiner, Ethan"]
[Black "Nagda, Maanav"]
[Result "1-0"]
[WhiteElo "1780"]
[BlackElo "1577"]
[PlyCount "145"]
[EventDate "2020.09.08"]
[WhiteTeam "Manchester Juniors A"]
[BlackTeam "Watford Juniors A"]

1. e4 e6 2. d4 d5 3. Nc3 Bb4 4. e5 c5 5. a3 Bxc3+ 6. bxc3 Nc6 7. h4 Nge7 8. h5
Nf5 9. Bd3 cxd4 10. Bxf5 exf5 11. cxd4 Be6 12. f4 Qc7 13. Nf3 Qa5+ 14. Bd2 Qc7
15. c3 Qd7 16. a4 Na5 17. O-O Nc4 18. Qb3 b6 19. Bc1 O-O 20. Nd2 Ne3 21. Rf3
Ng4 22. Nb1 Qd8 23. Rh3 Nh6 24. Na3 Bd7 25. Qxd5 Bxa4 26. Qxd8 Raxd8 27. Nc4
Bb5 28. Nd6 Be2 29. Rxa7 f6 30. Ba3 fxe5 31. fxe5 Bg4 32. Re3 Bxh5 33. e6 Ra8
34. e7 Rxa7 35. exf8=Q+ Kxf8 36. Nb5+ Rxa3 37. Nxa3 f4 38. Re1 f3 39. gxf3 Bxf3
40. Rf1 g5 41. Rxf3+ Kg7 42. Nc4 b5 43. Nd6 g4 44. Rg3 Kf6 45. Nxb5 Kf5 46.
Nd6+ Kf4 47. Kg2 Ng8 48. Ne8 Nh6 49. Nf6 Nf5 50. Rxg4+ Ke3 51. Nxh7 Kd3 52.
Rg3+ Nxg3 53. Kxg3 Kc4 54. Kf4 Kd5 55. Ke3 Kd6 56. Ke4 Ke6 57. c4 Kd6 58. d5
Kd7 59. Ke5 Kc7 60. Ke6 Kd8 61. Kd6 Kc8 62. Ke7 Kc7 63. d6+ Kc6 64. d7 Kc5 65.
d8=Q Kxc4 66. Qd6 Kc3 67. Qd5 Kb4 68. Kd6 Kc3 69. Ke5 Kb4 70. Kd4 Ka3 71. Qb7
Ka2 72. Kc3 Ka1 73. Qb2# 1-0